000 00976nam a2200265 i 4500
003 DO-SdBNP
005 20250424132849.0
007 ta
008 250424b1990 cu ||||| |||| 00| 0 spa d
040 _aDO-SdBNP
_bspa
_cBNPHU
_erda
082 4 _axxx
_bxxx
_222
100 1 _aMateo Palmer, Margarita
_eautor
_4aut.
_9987
245 1 0 _aNarrativa caribeña :
_breflexiones y pronósticos /
_cMargarita Mateo Palmer ; edición, Mayra Jorge Perdomo ; corrección, Abelardo Ferrero
264 4 _aLa Habana, Cuba :
_bEditorial Pueblo y Educación,
_c©1990.
300 _a109 páginas ;
_c21 cm.
336 _atexto
_btxt
_2rdacontent
337 _asin mediación
_bn
_2rdamedia
338 _avolumen
_bnc
_2rdacarrier
500 _aIncluye referencias bibliográficas notas al pie de las páginas
590 _aInventariado, 2025/BT
700 1 _aJorge, Mayra,
_eeditor
_4ed.
_987517
700 1 _aFerrero, Abelardo,
_ecorrector
_4corr.
_987518
910 _aBtavárez
942 _2ddc
_cLBS1
999 _c58782
_d58782